|
|
|
|
| LEADER |
00000nas a2200000 a 4500 |
| 001 |
ssj0000502764 |
| 003 |
WaSeSS |
| 005 |
20200512172242.0 |
| 006 |
m d |
| 007 |
cr n |
| 008 |
090424c20089999nz ar s 0 a0eng c |
| 010 |
|
|
|a 2011243722
|
| 016 |
7 |
|
|a 2520725-8
|2 DE-600
|
| 016 |
7 |
|
|a 101566276
|2 DNLM
|
| 022 |
|
|
|a 1178-7112
|l 1178-7112
|
| 035 |
|
|
|a (WaSeSS)ssj0000502764
|
| 040 |
|
|
|a NZ1
|b eng
|c NZ1
|d OCLCQ
|d HEBIS
|d OCLCS
|d OCLCQ
|d NTE
|d NLM
|d TXA
|d CUS
|d OCLCF
|d EUW
|d OCLCQ
|d CASUM
|d OCLCQ
|d APAHS
|d LND
|d WT2
|d OCLCQ
|d COD
|d OCLCQ
|d AU@
|d OCLCQ
|d WaSeSS
|
| 042 |
|
|
|a pcc
|
| 050 |
|
4 |
|a RD78.3
|b .L63
|
| 060 |
1 |
0 |
|a W1
|
| 082 |
0 |
4 |
|a 615.78105
|2 22
|
| 210 |
1 |
|
|a Local reg. anesth.
|
| 222 |
|
0 |
|a Local and regional anesthesia
|
| 245 |
0 |
0 |
|a Local and regional anesthesia
|h [electronic resource].
|
| 260 |
|
|
|a [Auckland, N.Z.] :
|b Dove Medical Press,
|c ©2008-
|
| 310 |
|
|
|a Annual
|
| 362 |
1 |
|
|a Began with: Vol. 1 (2008).
|
| 500 |
|
|
|a Archived by the National Library of New Zealand.
|
| 506 |
|
|
|a License restrictions may limit access.
|
| 515 |
|
|
|a Articles added irregularly during the year and collected into annual issues.
|
| 538 |
|
|
|a Mode of access: World Wide Web.
|
| 588 |
0 |
|
|a Vol. 1 (2008); title from PDF article running title (Dove Medical Press, viewed Apr. 27, 2009).
|
| 588 |
1 |
|
|a Vol. 5 (2011) (Dove Medical Press, viewed Nov. 12, 2012).
|
| 650 |
|
0 |
|a Anesthetics
|v Periodicals.
|
| 650 |
|
0 |
|a Analgesics
|v Periodicals.
|
| 650 |
1 |
2 |
|a Anesthesiology.
|
| 650 |
1 |
2 |
|a Anesthetics.
|
| 650 |
2 |
2 |
|a Analgesics.
|
| 650 |
|
7 |
|a Analgesics.
|2 fast
|0 (OCoLC)fst00808271
|
| 650 |
|
7 |
|a Anesthetics.
|2 fast
|0 (OCoLC)fst00808702
|
| 655 |
|
0 |
|a Electronic journals.
|
| 780 |
0 |
5 |
|t Ambulatory anesthesia (Auckland, N.Z.)
|x 2324-5891
|w (DLC) 2017247574
|w (OCoLC)947759711
|
| 856 |
4 |
0 |
|z Full text available from Research Library: 01/01/2008 to present
|u https://search.proquest.com/publication/3933399
|